000 00639nam a2200229Ia 4500
003 GCL
008 140319s9999 xx 000 0 ara d
040 _aGCL /
_cGCL
082 0 4 _aق
_b932.01
_bب م
100 1 _aنجيب محفوظ
245 1 0 _aمصر القديمة /
_cنجيب محفوظ
700 1 _aبيكى ، جيمس
260 _a[S.N] :
_bلا يوجد
300 _a67 ص
490 _a
650 0 4 _aتاريخ
650 0 4 _aالاحوال الاجتماعية
650 0 4 _aمصر القديمة
650 0 4 _aالحضارة الفرعونية
650 0 4 _aالاثار الفرعونية
942 _2ddc
_cBK
999 _c36552
_d36552